000 00351nam a22001577a 4500
020 _a81-85099-15-4
041 _aENG
100 _aCHoudhury .A.K
245 _aElements of Workshop Technology Vol 2
250 _aNinth ED
260 _aPune
_bMedia Promoters PUB
_c1997
300 _a688
650 _aFMP
700 _aBose .S.K
856 _uFMP
999 _c238
_d238